[Event "21st ch-EUR Indiv 2021"]
[Site "Reykjavik ISL"]
[Date "2021.09.03"]
[Round "9.42"]
[White "Gretarsson, Hjorvar Steinn"]
[Black "Kjartansson, David"]
[Result "0-1"]
[WhiteTitle "GM"]
[BlackTitle "IM"]
[WhiteElo "2603"]
[BlackElo "2326"]
[WhiteFideId "2302241"]
[BlackFideId "2301130"]
[EventDate "2021.08.26"]

1. e4 d6 2. d4 Nf6 3. Nc3 e5 4. Nf3 Nbd7 5. Bc4 Be7 6. a4 c6 7. O-O O-O 8. Re1
a5 9. h3 exd4 10. Nxd4 Nb6 11. Ba2 d5 12. exd5 Nfxd5 13. Nxd5 Nxd5 14. Bxd5 cxd5
15. Bf4 Bc5 16. Nb5 Ra6 17. Be3 Be7 18. Qd3 Rg6 19. Bd4 Be6 20. Be5 Bc5 21. Bg3
Qf6 22. Re2 Qxb2 23. Rae1 Qb4 24. Kh2 Qxa4 25. f4 Rf6 26. Re5 g6 27. Nc3 Qd4 28.
Qf3 Rf5 29. Rxf5 Bxf5 30. Nxd5 Be6 31. Nc7 b6 32. f5 Bxf5 33. Nd5 f6 34. Ne7+
Kh8 35. Nxf5 gxf5 36. Qxf5 a4 37. c3 Qd2 38. Bh4 Qh6 39. Bg3 Qg6 40. Qd5 a3 41.
Bh4 Qh6 42. Qc4 Bd6+ 43. Kg1 Qf4 44. Qxf4 Bxf4 45. Re4 Bd6 46. Ra4 Kg7 47. Bf2
Rc8 48. Bd4 b5 49. Ra6 Be7 50. Ra5 b4 51. cxb4 Bxb4 52. Ra6 Be7 53. Kf2 Rc2+ 54.
Kf3 Rd2 55. Ke4 Rxg2 56. Kf5 Kf7 57. Ra7 Rd2 58. Bc3 Rd5+ 59. Kf4 Rb5 60. h4 h5
61. Bd4 Ke6 62. Ke4 Rb3 63. Ra6+ Kf7 64. Ra7 Rb5 65. Bc3 Ke6 66. Ra6+ Bd6 67.
Bxf6 Kd7 68. Bd4 Bb4 69. Kd3 Ra5 70. Rxa5 Bxa5 71. Kc2 Bb4 72. Kb3 Bd6 73. Be3
Ke6 74. Bg5 Kf5 75. Bd8 Kg4 76. Bf6 Bg3 77. Kxa3 Bxh4 78. Bd4 Be7+ 79. Kb3 h4
80. Kc2 Bd6 81. Kd3 Kf3 0-1

[Event "21st ch-EUR Indiv 2021"]
[Site "Reykjavik ISL"]
[Date "2021.09.03"]
[Round "9.43"]
[White "Jacobsen, Mikkel Manosri"]
[Black "Valsecchi, Alessio"]
[Result "1/2-1/2"]
[WhiteTitle "FM"]
[BlackTitle "GM"]
[WhiteElo "2309"]
[BlackElo "2527"]
[WhiteFideId "1444514"]
[BlackFideId "818860"]
[EventDate "2021.08.26"]

1. c4 e6 2. Nf3 Nf6 3. g3 d5 4. d4 a6 5. b3 c5 6. cxd5 exd5 7. Bg2 Nc6 8. O-O
Be7 9. Bb2 O-O 10. Nc3 Re8 11. Rc1 Bg4 12. dxc5 Bxc5 13. Nxd5 Bxf2+ 14. Rxf2
Nxd5 15. Ne5 Nxe5 16. Bxd5 Qg5 17. Bxe5 Rxe5 18. Bxf7+ Kh8 19. Rc2 Rd8 20. Qc1
Bh3 21. Bc4 h5 22. e4 Qe7 23. Bf1 Rxe4 24. Rce2 Bg4 25. Rxe4 Qxe4 26. h3 Rd1 27.
Qg5 Bf3 28. Rd2 Qe6 29. Qd8+ Kh7 30. Qd3+ Be4 31. Qe2 Rxd2 32. Qxd2 Qf5 33. Qf2
Qg6 34. Bg2 Bxg2 35. Qxg2 b5 36. Kf2 Qb1 37. Ke3 Qe1+ 38. Kd4 g6 39. Kc5 Qe3+
40. Kc6 Kh6 41. Kb7 a5 42. Ka6 a4 43. b4 Qd3 44. h4 a3 45. Qa8 Kh7 46. Qb7+ Kh6
47. Qb8 Kh7 48. Qc7+ Kh6 49. Qe5 Kh7 50. Qe7+ Kh6 51. Qf8+ Kh7 52. Qf7+ Kh8 53.
Qf8+ Kh7 54. Qf7+ Kh8 55. Qe8+ Kh7 56. Qxb5 Qxg3 57. Qd7+ Kh6 58. Qd8 g5 59.
Qf6+ Kh7 60. hxg5 Qc7 61. Qh6+ Kg8 62. Qe6+ Qf7 63. Qxf7+ Kxf7 64. b5 h4 65. b6
h3 66. b7 h2 67. b8=Q h1=Q 68. Qb3+ Kg6 69. Qg8+ Kf5 70. Ka5 Qc6 71. Kb4 Qb6+
72. Ka4 Qa6+ 73. Kb4 Qd6+ 74. Kc4 Qf4+ 75. Kb3 Qxg5 76. Qd5+ Kf6 77. Qc6+ Ke7
78. Kxa3 Qg4 79. Qc5+ Kd7 80. Kb3 Qe6+ 81. Kb2 Qe2+ 82. Ka3 Qe7 83. Qxe7+ Kxe7
84. Kb4 Kd7 85. a4 Kc6 86. Kc3 Kb6 87. Kd4 Ka5 88. Ke4 Kxa4 1/2-1/2

[Event "21st ch-EUR Indiv 2021"]
[Site "Reykjavik ISL"]
[Date "2021.09.03"]
[Round "9.44"]
[White "Hjartarson, Johann"]
[Black "Milikow, Yoav"]
[Result "1-0"]
[WhiteTitle "GM"]
[BlackTitle "FM"]
[WhiteElo "2519"]
[BlackElo "2287"]
[WhiteFideId "2300044"]
[BlackFideId "2822237"]
[EventDate "2021.08.26"]

1. e4 e5 2. Nf3 Nc6 3. Bb5 a6 4. Ba4 Nf6 5. O-O Bc5 6. c3 b5 7. Bb3 d6 8. d4 Bb6
9. Be3 O-O 10. Nbd2 Re8 11. h3 exd4 12. cxd4 Na5 13. Bc2 h6 14. Re1 Bb7 15. Qb1
Nc4 16. Nxc4 bxc4 17. d5 c6 18. Ba4 Rc8 19. Bd4 Rf8 20. dxc6 Bxc6 21. Bxc6 Rxc6
22. Qc2 Nd7 23. Rad1 Qb8 24. Qc3 Qc7 25. Bxb6 Rxb6 26. Nd4 g6 27. b4 Re8 28. a3
Rbb8 29. Re3 Kh7 30. f4 Nf6 31. Rde1 d5 32. e5 Ne4 33. Qc2 a5 34. bxa5 Qc5 35.
Rd1 c3 36. Qa4 Rec8 37. Kh2 Qc4 38. Qxc4 Rxc4 39. Nc2 Rb2 40. Nb4 Nd2 41. Rd3 d4
42. a6 Rc7 43. Nd5 Ra7 44. Rxd4 Nf3+ 45. Kg3 Nxd4 46. Rxd4 Rd2 47. Nf6+ Kg7 48.
Rc4 Rd8 49. Rxc3 Rxa6 50. h4 h5 51. Kf3 Rda8 52. g3 Rxa3 53. Rxa3 Rxa3+ 54. Kf2
Kf8 55. Nh7+ Ke7 56. Ng5 Ra7 57. Kg2 Rc7 58. Kf2 Kd8 59. Kf3 Ke7 60. Kg2 Rb7 61.
Kf3 Rb2 62. Ne4 Ra2 63. Ke3 Ra7 64. Nf6 Ra3+ 65. Kf2 Kd8 66. Ne4 Kd7 67. Ng5 Ke7
68. Ne4 Ra2+ 69. Kf3 Ra7 70. Kf2 Kd7 71. Kf3 Kc6 72. Ng5 Kd5 73. Kf2 Rb7 74. Kf3
Kd4 75. Kf2 Kd3 76. Kf3 Kd2 77. Kf2 Rc7 78. Kf3 Ke1 79. Ne4 Kf1 80. g4 hxg4+ 81.
Kxg4 Ke2 82. Nd6 Ke3 83. Kg5 Kf3 84. f5 gxf5 85. Kxf5 Re7 86. h5 Ke3 87. h6 Kd4
88. h7 Rxe5+ 89. Kg4 Kd5 90. h8=Q Kxd6 91. Qf6+ Re6 92. Qxf7 Re7 93. Qf6+ Kd7
94. Kf5 Ke8 95. Qd6 Kf7 96. Qd5+ Kg7 97. Kg5 Rf7 98. Qe5+ Kh7 99. Kh5 Rf2 100.
Qe4+ Kg8 101. Kg6 Kf8 102. Qa8+ Ke7 103. Qa7+ 1-0

[Event "21st ch-EUR Indiv 2021"]
[Site "Reykjavik ISL"]
[Date "2021.09.03"]
[Round "9.45"]
[White "Sylvan, Jacob"]
[Black "Ftacnik, Lubomir"]
[Result "0-1"]
[WhiteTitle "IM"]
[BlackTitle "GM"]
[WhiteElo "2307"]
[BlackElo "2513"]
[WhiteFideId "1402137"]
[BlackFideId "14900017"]
[EventDate "2021.08.26"]

1. e4 c5 2. Nf3 d6 3. d4 cxd4 4. Nxd4 Nf6 5. Nc3 a6 6. Nb3 Nc6 7. Be3 e6 8. g4
b5 9. Bg2 Bb7 10. g5 Nd7 11. Qe2 Nce5 12. f4 Nc4 13. f5 Nxe3 14. Qxe3 b4 15.
fxe6 fxe6 16. Ne2 e5 17. Rf1 a5 18. Bh3 Be7 19. Qf3 Rf8 20. Qh5+ g6 21. Qxh7
Rxf1+ 22. Bxf1 Nf8 23. Qg7 Qd7 24. Ng3 Bxg5 25. Qxd7+ Nxd7 26. a3 Nf6 27. axb4
axb4 28. Rxa8+ Bxa8 29. Bg2 Bf4 30. Nd2 Ng4 31. Ngf1 Nxh2 32. Nxh2 Bxh2 33. Nc4
Ke7 34. Nb6 Bb7 35. Kd2 Bf4+ 36. Kd3 Ba6+ 37. c4 bxc3+ 38. Kxc3 Be2 39. Nc8+ Kd7
40. Bh3+ Kc7 41. Ne7 g5 42. Nd5+ Kc6 43. Nf6 Be3 44. b4 Bf2 45. Bd7+ Kc7 46. Bg4
Bb5 47. Be6 Be1+ 48. Kb3 Be2 49. Bg4 Bd3 50. Ka4 Kb6 51. Bd7 Bc2+ 52. Ka3 Kc7
53. Bg4 Kb6 54. Bd7 Bd2 55. Kb2 Bd1 56. Nd5+ Kb7 57. b5 g4 58. Bc6+ Kb8 59. b6
Ba5 60. b7 g3 61. Nf6 Bc7 0-1

[Event "21st ch-EUR Indiv 2021"]
[Site "Reykjavik ISL"]
[Date "2021.09.03"]
[Round "9.46"]
[White "Vedder, Richard"]
[Black "Kozak, Adam"]
[Result "0-1"]
[WhiteTitle "FM"]
[BlackTitle "GM"]
[WhiteElo "2266"]
[BlackElo "2504"]
[WhiteFideId "1004166"]
[BlackFideId "753246"]
[EventDate "2021.08.26"]

1. d4 Nf6 2. c4 e6 3. Nc3 Bb4 4. f3 c5 5. a3 Bxc3+ 6. bxc3 d6 7. e4 Nc6 8. Ne2
Qa5 9. Rb1 Nxd4 10. Kf2 Nxe2 11. Bxe2 Qc7 12. g4 e5 13. Bg5 Qe7 14. h4 h6 15.
Bxf6 Qxf6 16. Kg2 Qe7 17. Qd2 Be6 18. Kg3 O-O-O 19. a4 Bd7 20. a5 Bc6 21. Ra1 h5
22. g5 Rhf8 23. Bf1 Kc7 24. Bh3 g6 25. Rhe1 f6 26. Rf1 Rf7 27. Rf2 Rdf8 28. Raf1
fxg5 29. Qxg5 Qe8 30. Kg2 Rf4 31. Kg3 R8f6 32. Kg2 Qf7 0-1

[Event "21st ch-EUR Indiv 2021"]
[Site "Reykjavik ISL"]
[Date "2021.09.03"]
[Round "9.47"]
[White "Druska, Juraj"]
[Black "Papidakis, Georgios"]
[Result "1-0"]
[WhiteTitle "IM"]
[WhiteElo "2493"]
[BlackElo "2228"]
[WhiteFideId "14915650"]
[BlackFideId "4295099"]
[EventDate "2021.08.26"]

1. d4 Nf6 2. c4 e6 3. Nf3 c5 4. d5 exd5 5. cxd5 d6 6. Nc3 g6 7. Bf4 Bg7 8. e3
O-O 9. h3 Re8 10. Bd3 a6 11. a4 Nbd7 12. O-O Nh5 13. Bh2 Qb6 14. Qc2 Ne5 15. Nd2
Qd8 16. Be2 f5 17. Bxh5 gxh5 18. Ne2 h4 19. Ra3 Bd7 20. Rfa1 Qf6 21. a5 Kh8 22.
Nf4 Rg8 23. Kh1 Qf7 24. b3 Bh6 25. Nc4 Bxf4 26. exf4 Qg7 27. f3 Nxc4 28. bxc4
Rae8 29. Rb1 1-0

[Event "21st ch-EUR Indiv 2021"]
[Site "Reykjavik ISL"]
[Date "2021.09.03"]
[Round "9.48"]
[White "Thorhallsson, Simon"]
[Black "Kjartansson, Gudmundur"]
[Result "0-1"]
[BlackTitle "GM"]
[WhiteElo "2199"]
[BlackElo "2470"]
[WhiteFideId "2310090"]
[BlackFideId "2301318"]
[EventDate "2021.08.26"]

1. e4 e5 2. Nf3 Nc6 3. Bc4 Nf6 4. Ng5 d5 5. exd5 Na5 6. Bb5+ c6 7. dxc6 bxc6 8.
Bd3 Ng4 9. Ne4 f5 10. Be2 h5 11. h3 fxe4 12. hxg4 Bc5 13. gxh5 O-O 14. O-O Qh4
15. Qe1 Bh3 16. d4 exd3 17. Bxd3 Bxg2 18. Kxg2 Qg4+ 19. Kh1 Rf3 20. Qxe5 Rh3+ 0-1

[Event "21st ch-EUR Indiv 2021"]
[Site "Reykjavik ISL"]
[Date "2021.09.03"]
[Round "9.49"]
[White "Loiseau, Quentin"]
[Black "Humburg, Philipp"]
[Result "1-0"]
[WhiteTitle "IM"]
[WhiteElo "2466"]
[BlackElo "2245"]
[WhiteFideId "665274"]
[BlackFideId "24656151"]
[EventDate "2021.08.26"]

1. d4 Nf6 2. Nf3 d5 3. c4 e6 4. Nc3 c5 5. cxd5 Nxd5 6. e4 Nxc3 7. bxc3 cxd4 8.
cxd4 Bb4+ 9. Bd2 Bxd2+ 10. Qxd2 O-O 11. Rc1 b6 12. Bd3 Bb7 13. O-O Nd7 14. Qe3
h6 15. e5 Bxf3 16. Qxf3 Rc8 17. Qe4 g6 18. h4 Rxc1 19. Rxc1 h5 20. Bb5 Nb8 21.
Bc4 Qc7 22. Rc2 Qe7 23. d5 exd5 24. Bxd5 Kh7 25. e6 Na6 26. exf7 Qxe4 27. Bxe4
Rxf7 28. Rc6 Rg7 29. a3 Nc5 30. Bc2 Nd7 31. f4 Nf8 32. g4 Rf7 33. gxh5 Rxf4 34.
hxg6+ Kh6 35. Kh2 Rxh4+ 36. Kg3 Rh5 37. Kf4 Ra5 38. Rf6 Kg7 39. Rf7+ Kg8 40. Re7
Rxa3 41. Kg5 Rg3+ 42. Kf6 Rc3 43. Be4 Rc5 44. g7 Nh7+ 45. Kg6 Nf8+ 46. Kh6 a5
47. Bh7+ Nxh7 48. Re8+ Nf8 49. Rxf8# 1-0

[Event "21st ch-EUR Indiv 2021"]
[Site "Reykjavik ISL"]
[Date "2021.09.03"]
[Round "9.50"]
[White "Wecker, Martin"]
[Black "Saraci, Nderim"]
[Result "0-1"]
[BlackTitle "IM"]
[WhiteElo "2195"]
[BlackElo "2455"]
[WhiteFideId "12931462"]
[BlackFideId "6351921"]
[EventDate "2021.08.26"]

1. Nf3 c5 2. c4 g6 3. d4 Bg7 4. d5 d6 5. h3 Nf6 6. Nc3 O-O 7. e4 b5 8. cxb5 a6
9. a4 Nbd7 10. Be2 axb5 11. Bxb5 Ba6 12. Qe2 Bxb5 13. Nxb5 Nb6 14. Nc3 Qc8 15.
O-O Qa6 16. Qc2 Rfb8 17. Bd2 Ne8 18. b3 Nc7 19. Ra2 Nd7 20. Rb1 Rb7 21. Nd1 e6
22. Ne3 exd5 23. Nxd5 Nxd5 24. exd5 Nf6 25. b4 cxb4 26. Rxb4 Rxb4 27. Bxb4 Nxd5
28. Bd2 Rc8 29. Qb3 Nb6 30. Be3 Nc4 31. Bd4 Bxd4 32. Nxd4 Qa5 33. Ra1 Qc5 34.
Rd1 Re8 35. Qb5 Re5 36. Qxc5 Rxc5 37. Nb3 Rc8 38. Ra1 Rb8 39. Nd4 Ra8 40. Nb5
Kf8 41. a5 Ke7 42. Ra4 Rxa5 43. Rxc4 Rxb5 44. Rc7+ Ke6 45. Kf1 Rb4 46. Ke2 h5
47. Ra7 h4 48. Ra5 f6 49. Ra8 d5 50. Re8+ Kf5 51. Rd8 Ke4 52. Re8+ Kf4 53. Rd8
Rb5 54. Ra8 Rb2+ 55. Ke1 g5 56. Ra4+ Ke5 57. Ra5 Ke4 58. Ra8 d4 59. Ra6 f5 60.
Ra3 Rc2 61. Ra8 Rc1+ 62. Ke2 Rc2+ 63. Ke1 Kd3 64. Ra3+ Rc3 65. Ra1 g4 66. Rd1+
Ke4 67. hxg4 fxg4 68. Ke2 Rc2+ 69. Kf1 d3 70. Ra1 h3 71. f3+ Ke3 72. fxg4 h2 0-1

[Event "21st ch-EUR Indiv 2021"]
[Site "Reykjavik ISL"]
[Date "2021.09.03"]
[Round "9.51"]
[White "Pappelis, Dimitrios"]
[Black "Mazur, Stefan"]
[Result "0-1"]
[BlackTitle "IM"]
[WhiteElo "2160"]
[BlackElo "2416"]
[WhiteFideId "4215281"]
[BlackFideId "14909332"]
[EventDate "2021.08.26"]

1. Nf3 Nf6 2. c4 b6 3. g3 Bb7 4. Bg2 g6 5. d4 Bg7 6. O-O O-O 7. Nc3 Ne4 8. Qd3
Nxc3 9. bxc3 d6 10. e4 e5 11. Be3 Nd7 12. Rab1 Qe7 13. Nd2 f5 14. f4 exf4 15.
Bxf4 g5 16. Be3 Rae8 17. d5 Ne5 18. Qc2 Ng4 19. Rbe1 f4 20. gxf4 Nxe3 21. Rxe3
gxf4 22. Ref3 Be5 23. Bh3 Kh8 24. Kh1 Rg8 25. Nb3 c5 26. Nc1 Qg7 27. Ne2 Ba6 28.
Qd3 Bc8 29. Rg1 Qf6 30. Rxg8+ Rxg8 31. Bxc8 Rxc8 32. Rf1 Rf8 33. Qf3 Qg6 34. Rg1
Qe8 35. Rg4 Qa4 36. Nxf4 Rf6 37. Qe3 Qd1+ 38. Rg1 Qc2 39. Ne2 Rf8 40. a3 a6 41.
Rg2 Rf1+ 42. Rg1 Rf8 43. Rg2 b5 44. cxb5 axb5 45. Rg4 c4 46. Rg2 Qd3 47. Qh6
Rf1+ 48. Ng1 Qxe4 49. Qd2 Rf4 50. h3 Rf1 51. Qe2 Qxe2 52. Rxe2 Ra1 53. Kg2 Rxa3
54. Rb2 Rb3 0-1

[Event "21st ch-EUR Indiv 2021"]
[Site "Reykjavik ISL"]
[Date "2021.09.03"]
[Round "9.52"]
[White "Sokolovsky, Yahli"]
[Black "Gombocz, Ferenc Jr."]
[Result "1-0"]
[WhiteTitle "FM"]
[BlackTitle "FM"]
[WhiteElo "2415"]
[BlackElo "2191"]
[WhiteFideId "2820242"]
[BlackFideId "775029"]
[EventDate "2021.08.26"]

1. e4 e5 2. Nf3 Nc6 3. Bb5 a6 4. Ba4 d6 5. O-O Bg4 6. h3 h5 7. d4 b5 8. Bb3 Nxd4
9. hxg4 Nxb3 10. axb3 hxg4 11. Ng5 Qd7 12. c4 b4 13. c5 c6 14. Nd2 d5 15. exd5
cxd5 16. Qe2 Qf5 17. Rxa6 Rxa6 18. Qxa6 Qxg5 19. Qc6+ Ke7 20. Re1 f6 21. Ne4 Qf5
22. Qxd5 Qh5 23. Ng3 Qg6 24. c6 1-0

[Event "21st ch-EUR Indiv 2021"]
[Site "Reykjavik ISL"]
[Date "2021.09.03"]
[Round "9.53"]
[White "Lorscheid, Gerhard"]
[Black "Kaasen, Tor Fredrik"]
[Result "0-1"]
[WhiteTitle "FM"]
[BlackTitle "IM"]
[WhiteElo "2202"]
[BlackElo "2406"]
[WhiteFideId "4606000"]
[BlackFideId "1516647"]
[EventDate "2021.08.26"]

1. c4 Nf6 2. Nc3 g6 3. e4 d6 4. d4 Bg7 5. Be2 O-O 6. Bg5 Na6 7. h4 e5 8. d5 h6
9. Be3 Nc5 10. Qc2 c6 11. h5 cxd5 12. cxd5 Qa5 13. Bd2 Bd7 14. hxg6 fxg6 15. f3
Rac8 16. Nh3 Qd8 17. b4 Na4 18. Qb3 Nxc3 19. Bxc3 Nh5 20. Rd1 Ng3 21. Rh2 Qb6
22. Kd2 h5 23. Re1 Bh6+ 24. Kc2 Nxe2 25. Rxe2 Qa6 0-1

[Event "21st ch-EUR Indiv 2021"]
[Site "Reykjavik ISL"]
[Date "2021.09.03"]
[Round "9.54"]
[White "Sousa, Andre Ventura"]
[Black "Johannsson, Birkir Isak"]
[Result "1-0"]
[WhiteTitle "IM"]
[WhiteElo "2405"]
[BlackElo "2052"]
[WhiteFideId "1917617"]
[BlackFideId "2314673"]
[EventDate "2021.08.26"]

1. e4 c5 2. Nf3 d6 3. d4 cxd4 4. Nxd4 Nf6 5. Nc3 a6 6. f3 e6 7. Be3 b5 8. Qd2
Nbd7 9. g4 b4 10. Na4 h6 11. Rg1 Ne5 12. h4 Bd7 13. g5 hxg5 14. hxg5 Bxa4 15.
gxf6 Qxf6 16. f4 Ng6 17. O-O-O Bd7 18. f5 Ne7 19. Nf3 exf5 20. exf5 Nc6 21. Kb1
Qxf5 22. Nd4 Qa5 23. Nxc6 Bxc6 24. Qf2 Bd5 25. Rxd5 Qxd5 26. Bg2 Rh2 27. Bxd5
Rxf2 28. Bxf2 Rd8 29. Bc4 Ra8 30. Bd5 Rb8 31. Ba7 Rd8 32. Rg4 1-0

[Event "21st ch-EUR Indiv 2021"]
[Site "Reykjavik ISL"]
[Date "2021.09.03"]
[Round "9.55"]
[White "D'Costa, Lorin"]
[Black "Stremavicius, Pijus"]
[Result "1-0"]
[WhiteTitle "IM"]
[WhiteElo "2381"]
[BlackElo "2146"]
[WhiteFideId "409219"]
[BlackFideId "12812730"]
[EventDate "2021.08.26"]

1. e4 c5 2. Nf3 e6 3. g3 Nc6 4. Bg2 Nf6 5. Qe2 d5 6. exd5 Nxd5 7. O-O Be7 8. Rd1
Bf6 9. Nc3 Nxc3 10. dxc3 Qb6 11. Ng5 O-O 12. h4 e5 13. Be4 g6 14. h5 Ne7 15. b3
h6 16. Nxf7 Kxf7 17. hxg6+ Nxg6 18. Qh5 Rg8 19. Bxh6 Be6 20. Rd3 Rad8 21. Rad1
c4 22. Rxd8 Bxd8 23. Be3 Qc7 24. Qh7+ Kf6 25. Bxg6 Qxh7 26. Bxh7 Rh8 27. Be4 b6
28. Kg2 Bh3+ 29. Kf3 Rg8 30. Rh1 Bg4+ 31. Kg2 Bf5 32. Rh6+ Rg6 33. Rxg6+ Kxg6
34. Kf3 a5 35. bxc4 Kf6 36. Bxf5 Kxf5 37. g4+ Ke6 38. Ke4 a4 39. g5 Bc7 40. f4
exf4 41. Bxf4 Bd8 42. Be3 Be7 43. g6 Kf6 44. Bg5+ 1-0

[Event "21st ch-EUR Indiv 2021"]
[Site "Reykjavik ISL"]
[Date "2021.09.03"]
[Round "9.56"]
[White "Maltsevskaya, Aleksandra"]
[Black "Ptacnikova, Lenka"]
[Result "1-0"]
[WhiteTitle "WGM"]
[BlackTitle "WGM"]
[WhiteElo "2409"]
[BlackElo "2109"]
[WhiteFideId "24174041"]
[BlackFideId "305650"]
[EventDate "2021.08.26"]

1. e4 c5 2. Nf3 e6 3. d4 cxd4 4. Nxd4 a6 5. Bd3 Nf6 6. O-O d6 7. c4 g6 8. Nc3
Bg7 9. Bg5 Nc6 10. Nxc6 bxc6 11. Be2 O-O 12. e5 dxe5 13. Qxd8 Rxd8 14. Ne4 Nxe4
15. Bxd8 Bd7 16. Bb6 f5 17. Rfd1 Nf6 18. Ba5 Ra7 19. Bb6 Ra8 20. Bc7 e4 21. Be5
Be8 22. b4 Kf7 23. a4 Bf8 24. Rab1 Nd7 25. Bc7 Rc8 26. Bf4 Nb6 27. a5 Nd7 28.
Be3 Ra8 29. b5 Nc5 30. bxa6 Rxa6 31. Rb8 Nd3 32. Bxd3 exd3 33. Bb6 c5 34. Rxd3
Be7 35. Rb7 Kf6 36. Ra7 Rxa7 37. Bxa7 Bc6 38. a6 e5 39. Bb6 e4 40. Rb3 Bd6 41.
Ba5 1-0

[Event "21st ch-EUR Indiv 2021"]
[Site "Reykjavik ISL"]
[Date "2021.09.03"]
[Round "9.57"]
[White "Fruebing, Stefan"]
[Black "Jonsson, Gauti Pall"]
[Result "1-0"]
[WhiteTitle "IM"]
[WhiteElo "2406"]
[BlackElo "2070"]
[WhiteFideId "4682165"]
[BlackFideId "2309092"]
[EventDate "2021.08.26"]

1. e4 e5 2. Nf3 Nc6 3. Bc4 Nf6 4. d3 Be7 5. O-O O-O 6. Re1 d6 7. a4 Na5 8. Ba2
c5 9. c3 Nc6 10. Nbd2 h6 11. Nf1 Be6 12. Bxe6 fxe6 13. Ng3 Nh7 14. d4 exd4 15.
cxd4 cxd4 16. Nxd4 Nxd4 17. Qxd4 Qe8 18. Be3 h5 19. Ne2 h4 20. h3 Qf7 21. Rac1
Bg5 22. f4 e5 23. Qxd6 exf4 24. Rc7 Rad8 25. Rxf7 Rxd6 26. Rxf8+ Nxf8 27. Nxf4
Bxf4 28. Bxf4 Rd4 29. a5 Ne6 30. Be5 Ra4 31. Bc3 Ng5 32. e5 Kf7 33. Rd1 Ne4 34.
Rd7+ Ke6 35. Rxg7 Nxc3 36. bxc3 Kxe5 37. Rxb7 Rxa5 38. Rb4 Rc5 39. Rxh4 Rxc3 40.
Ra4 Rc7 41. Kh2 Kf5 42. Kg3 Kg5 43. Ra5+ Kg6 44. Kh4 Rh7+ 45. Kg4 Rc7 46. Ra6+
Kg7 47. Kh4 Rb7 48. g4 Rc7 49. Kh5 Rc5+ 50. g5 Rc7 51. h4 Rb7 52. Ra4 Rc7 53.
Kg4 Rb7 54. h5 Rc7 55. h6+ Kg8 56. Kh5 Rb7 57. Ra6 Rc7 58. Rf6 a5 59. Kg6 a4 60.
Ra6 Rc8 61. h7+ Kh8 62. Kh6 1-0

[Event "21st ch-EUR Indiv 2021"]
[Site "Reykjavik ISL"]
[Date "2021.09.03"]
[Round "9.58"]
[White "Butenandt, Svenja"]
[Black "Krastev, Alexander"]
[Result "0-1"]
[BlackTitle "FM"]
[WhiteElo "2036"]
[BlackElo "2389"]
[WhiteFideId "12993859"]
[BlackFideId "12989983"]
[EventDate "2021.08.26"]

1. d4 Nf6 2. c4 c5 3. d5 g6 4. Nc3 Bg7 5. e4 d6 6. h3 O-O 7. Nf3 e6 8. Bd3 Nbd7
9. O-O e5 10. Bg5 h6 11. Bd2 Nh7 12. Qc1 f5 13. exf5 gxf5 14. Nh2 Qf6 15. g4 e4
16. Bc2 Ne5 17. f3 Nxc4 18. Kh1 Qh4 19. fxe4 fxg4 20. Rxf8+ Nxf8 21. hxg4 Bxg4
22. Bf4 Bf3+ 0-1

[Event "21st ch-EUR Indiv 2021"]
[Site "Reykjavik ISL"]
[Date "2021.09.03"]
[Round "9.59"]
[White "Milikow, Elie"]
[Black "Domalchuk-Jonasson, Aleksandr"]
[Result "0-1"]
[WhiteTitle "CM"]
[WhiteElo "2242"]
[BlackElo "2052"]
[WhiteFideId "371281868"]
[BlackFideId "14142805"]
[EventDate "2021.08.26"]

1. e4 c5 2. Nf3 d6 3. d4 cxd4 4. Nxd4 Nf6 5. Nc3 Nc6 6. f3 e6 7. Be3 Be7 8. Qd2
h5 9. O-O-O a6 10. Be2 Qc7 11. g4 hxg4 12. fxg4 Ne5 13. g5 Nh5 14. Rdf1 g6 15.
Rhg1 b5 16. a3 Bb7 17. Rf2 Rc8 18. Rgf1 Rh7 19. Kb1 Nc4 20. Bxc4 Qxc4 21. Nb3 b4
22. axb4 Qxb4 23. Qd3 Qc4 24. Na5 Qxd3 25. cxd3 Bc6 26. Nxc6 Rxc6 27. d4 Rc7 28.
Kc2 Ra7 29. d5 Ra8 30. Kd3 e5 31. Ne2 Bd8 32. b4 Rb8 33. Kc4 Ke7 34. Ra1 Bb6 35.
Bxb6 Rxb6 36. Nc3 Nf4 37. Rd2 Rh8 38. Kb3 Rhb8 39. Ra4 f5 40. gxf6+ Kxf6 41. Kc4
Kg5 42. Kb3 Kg4 43. Rd1 Kh3 44. Rd2 g5 45. Na2 Ng2 46. Ra3 Kxh2 47. Ka4 Rf8 48.
Rc3 Kg1 49. Rc1+ Rf1 50. Rc6 Rb8 51. Rxd6 Nf4 52. Rd7 Rf2 53. Rxf2 Kxf2 54. Rg7
Kf3 55. Rxg5 Kxe4 56. Nc3+ Kd4 57. Kb3 a5 58. d6 Rxb4+ 59. Kc2 Rc4 60. d7 Rxc3+
61. Kb2 Ne6 62. Rg4+ e4 63. Rg6 Rc7 64. Rxe6 Rxd7 65. Kc2 Ke3 66. Re5 a4 67. Ra5
Rd4 68. Kc3 Rd3+ 69. Kc2 a3 70. Ra4 Kf3 71. Rb4 Re3 72. Ra4 Kf2 73. Kd2 Re2+ 74.
Kd1 a2 75. Kc1 a1=Q+ 76. Rxa1 Re1+ 77. Kb2 Rxa1 78. Kc2 e3 79. Kd3 e2 80. Kc4
e1=Q 0-1

[Event "21st ch-EUR Indiv 2021"]
[Site "Reykjavik ISL"]
[Date "2021.09.03"]
[Round "9.60"]
[White "Gueci, Tea"]
[Black "Karlsson, Mikael Johann"]
[Result "1-0"]
[WhiteTitle "WIM"]
[WhiteElo "2188"]
[BlackElo "2067"]
[WhiteFideId "872342"]
[BlackFideId "2305194"]
[EventDate "2021.08.26"]

1. e4 c5 2. Nf3 Nc6 3. d4 cxd4 4. Nxd4 Qb6 5. Nb3 Nf6 6. Nc3 e6 7. Bd3 a6 8. O-O
Be7 9. Be3 Qc7 10. f4 d6 11. g4 b5 12. g5 Nd7 13. Qf3 Bb7 14. Qh3 Nb4 15. Rac1
Nc5 16. g6 fxg6 17. Bd4 Qd7 18. Bxg7 Rg8 19. Bd4 h5 20. Na5 Nc6 21. Bxc5 Nxa5
22. Bf2 Bf6 23. Rcd1 e5 24. Qxd7+ Kxd7 25. fxe5 Bxe5 26. Bb6 Bxc3 27. bxc3 Nc4
28. Bxc4 bxc4 29. Rf7+ Kc8 30. Rd4 Kb8 31. Rxc4 Rc8 32. Bc7+ Ka7 33. Rb4 a5 34.
Rb5 Bxe4 35. Bd8+ 1-0

[Event "21st ch-EUR Indiv 2021"]
[Site "Reykjavik ISL"]
[Date "2021.09.03"]
[Round "9.61"]
[White "Van Hoolandt, Patrick"]
[Black "Kanyamarala, Trisha"]
[Result "0-1"]
[WhiteTitle "FM"]
[BlackTitle "WIM"]
[WhiteElo "2010"]
[BlackElo "2180"]
[WhiteFideId "200999"]
[BlackFideId "45004722"]
[EventDate "2021.08.26"]

1. d4 Nf6 2. c4 e6 3. Nf3 d5 4. g3 dxc4 5. Bg2 a6 6. O-O Nc6 7. e3 Rb8 8. Nfd2
e5 9. Bxc6+ bxc6 10. dxe5 Ng4 11. Nxc4 Be6 12. Nbd2 Bb4 13. b3 h5 14. Qc2 h4 15.
Nf3 hxg3 16. fxg3 Bc5 17. Qe4 Qd5 18. Qxd5 cxd5 19. Nb2 Nxe3 20. Nd3 Ba7 21.
Bxe3 Bxe3+ 22. Kh1 Bf5 23. Nf4 Bxf4 24. gxf4 Rb4 25. Nd2 Rh4 26. Rac1 Rbxf4 27.
Rxf4 Rxf4 28. Kg1 Kd7 29. a3 Rd4 30. Nf1 Rd3 31. Rc5 c6 32. Ng3 Bg6 33. Ra5 Rxb3
34. Rxa6 d4 35. a4 d3 36. Kf2 d2 37. Ke2 Bd3+ 38. Kxd2 0-1

[Event "21st ch-EUR Indiv 2021"]
[Site "Reykjavik ISL"]
[Date "2021.09.03"]
[Round "9.62"]
[White "Moller, Agnar T"]
[Black "Birkisson, Bardur Orn"]
[Result "1/2-1/2"]
[BlackTitle "CM"]
[WhiteElo "1932"]
[BlackElo "2163"]
[WhiteFideId "2303469"]
[BlackFideId "2310597"]
[EventDate "2021.08.26"]

1. Nf3 d5 2. c4 c6 3. g3 Nf6 4. Bg2 Bg4 5. O-O e6 6. cxd5 Bxf3 7. exf3 cxd5 8.
d3 Nc6 9. f4 Be7 10. Re1 O-O 11. b3 Ne8 12. Bb2 Bf6 13. Bxf6 Qxf6 14. Nd2 Nd4
15. Nf1 g6 16. Qd2 Rc8 17. Ne3 h5 18. Qb4 Rc7 19. Kf1 Nc2 20. Nxc2 Rxc2 21. Bf3
Qb2 22. Reb1 Qc3 23. Qxc3 Rxc3 24. Ke2 Rc2+ 25. Ke1 Nd6 26. Bd1 Rc6 27. Rc1 Rfc8
28. Rxc6 Rxc6 29. Kd2 Kf8 30. b4 1/2-1/2